Focus (Record no. 83090)

MARC details
000 -LEADER
fixed length control field 01009cab a22002295a 4500
001 - CONTROL NUMBER
control field L152784
008 - FIXED-LENGTH DATA ELEMENTS--GENERAL INFORMATION
fixed length control field 110427e20110423xxk 000 0 eng d
035 ## - SYSTEM CONTROL NUMBER
System control number (Sirsi) u152784
041 0# - LANGUAGE CODE
Language code of text/sound track or separate title eng
100 1# - MAIN ENTRY--PERSONAL NAME
Personal name Booty, Nina
245 00 - TITLE STATEMENT
Title Focus
Remainder of title London offices market analysis
260 ## - PUBLICATION, DISTRIBUTION, ETC.
Date of publication, distribution, etc. 2011
490 ## - SERIES STATEMENT
Series statement Estates Gazette
Volume/sequential designation (1116) 23 April 2011, 57-69(13)
520 ## - SUMMARY, ETC.
Summary, etc. Take up, supply, availability rates, asking rents, construction and investment trends for various office locations within London including City core, City fringe, Midtown, West End, Docklands and Southbank. Central London Letting Agents League Table and agent share by number of disposals. Explains the criteria, geographical and other factors used in compiling the analysis.
520 ## - SUMMARY, ETC.
Summary, etc. The issue that this article is in is missing
590 ## - LOCAL NOTE (RLIN)
Local note KA
651 #4 - SUBJECT ADDED ENTRY--GEOGRAPHIC NAME
Geographic name London
690 ## - LOCAL SUBJECT ADDED ENTRY--TOPICAL TERM (OCLC, RLIN)
Topical term or geographic name as entry element PROPERTY-COMMERCIAL PROPERTY-OFFICE PROPERTY-OFFICE PROPERTY MARKET
700 1# - ADDED ENTRY--PERSONAL NAME
Personal name Whitten, Nick
700 1# - ADDED ENTRY--PERSONAL NAME
Personal name Thame, David
942 ## - ADDED ENTRY ELEMENTS (KOHA)
Suppress in OPAC 0
Source of classification or shelving scheme Dewey Decimal Classification
Holdings
Withdrawn status Lost status Source of classification or shelving scheme Damaged status Not for loan Home library Current library Shelving location Date acquired Total Checkouts Full call number Barcode Date last seen Copy number Price effective from Koha item type Public note
    Dewey Decimal Classification     London London Missing 27/04/2011   L152784 152784-1001 06/08/2019 1 06/08/2019 Journal article Missing